000 00868nam a2200193 i 4500
001 107554
003 ES-MaACL
005 20230906184438.0
007 t|
008 061121s1971 sp |||| | spa d
100 1 _aMorros Sardá, Juan.
_983698
245 1 0 _aSituación cualificada del status de la Administración en el proceso contencioso-administrativo
_b: discurso /
_cleído el 21 de abril de 1970, en la solemne sesión de ingreso del académico... D. Juan Morros Sardá ; contestación... D. Carlos Gómez Carrera.
260 _aLa Coruña :
_bAcademia Gallega de Jurisprudencia y Legislación,
_c1971.
300 _a69 p. ;
_c27 cm.
650 0 4 _aProcedimiento contencioso administrativo-
_zEspaña.
_916424
700 1 _aGómez Carrera, Carlos.
_957860
710 2 _aAcademia Gallega de Jurisprudencia y Legislación.
_91197
852 _aES-MaACL
_jC-47224
999 _c107554
_d107554